000
nam a22 7a 4500
999
_c
51626
_d
51626
003
OSt
005
20220412133328.0
008
220412b xxu||||| |||| 00| 0 eng d
040
_c
SEROSOFT
100
_a
BARE ACT
245
_a
THE ARBITRATION & CONCILIATION ACT 1996
260
_a
ALP
_b
ALP
300
_a
58
942
_2
ddc
_c
01